[Event "HUN-chT2 Asztalos 1516"]
[Site "Hungary"]
[Date "2015.11.29"]
[Round "5.9"]
[White "Fellegi, Zoltan"]
[Black "Erdelyi, Sandor"]
[Result "1-0"]
[WhiteElo "1965"]
[BlackElo "1878"]
[PlyCount "59"]
[EventDate "2015.09.13"]
[EventType "team-tourn"]
[EventRounds "11"]
[EventCountry "HUN"]
[SourceTitle "CBM 170 Extra"]
[Source "ChessBase"]
[SourceDate "2016.02.25"]
[SourceVersion "1"]
[SourceVersionDate "2016.02.25"]
[SourceQuality "1"]
[WhiteTeam "Fehervar"]
[BlackTeam "Kaposvar Bastya"]
[WhiteTeamCountry "HUN"]
[BlackTeamCountry "HUN"]

1. d4 Nf6 2. g3 d5 3. Nf3 Bf5 4. Bg2 e6 5. c3 c6 6. 0-0 Be7 7. Nbd2 Ne4 8. Ne5 Nxd2 9. Bxd2 Nd7 10. Nxd7 Qxd7 11. f3 0-0 12. e4 dxe4 13. fxe4 Bg6 14. Be3 Rac8 15. Qe2 Qc7 16. Rad1 Rfd8 17. Bf4 Bd6 18. e5 Be7 19. h4 h6 20. h5 Bh7 21. Qf2 Bg5 22. Bxg5 hxg5 23. h6 Qe7 24. hxg7 Kxg7 25. Qe3 Bg6 26. Rf6 Rh8 27. Qxg5 Rhg8 28. Be4 Kh7 29. Bxg6+ fxg6 30. Kg2 1-0

[Event "HUN-chT2 Asztalos 1415"]
[Site "Hungary"]
[Date "2014.10.12"]
[Round "1"]
[White "Lipcsei, Adam"]
[Black "Erdelyi, Sandor"]
[Result "1/2-1/2"]
[WhiteElo "2001"]
[BlackElo "1903"]
[PlyCount "79"]
[EventDate "2014.10.12"]
[EventType "team-tourn"]
[EventRounds "9"]
[EventCountry "HUN"]
[SourceTitle "EXT 2016"]
[Source "ChessBase"]
[SourceDate "2015.10.08"]
[SourceVersion "1"]
[SourceVersionDate "2015.10.08"]
[SourceQuality "1"]
[WhiteTeam "Nagyatad"]
[BlackTeam "Kaposvar Bastya"]
[WhiteTeamCountry "HUN"]
[BlackTeamCountry "HUN"]

1. e4 c5 2. Nf3 d6 3. d4 cxd4 4. Nxd4 Nf6 5. Nc3 e6 6. Be3 Be7 7. f4 Bd7 8. Qf3 Nc6 9. 0-0-0 Qa5 10. h3 Nxd4 11. Bxd4 e5 12. Bf2 0-0 13. g4 Bc6 14. Bc4 b5 15. Bb3 b4 16. Nd5 Nxd5 17. exd5 Bd7 18. fxe5 dxe5 19. Bg3 Bd6 20. Rde1 Qc7 21. Qe2 Rae8 22. Rhf1 Kh8 23. Qe4 Bb5 24. Rf3 a5 25. c3 bxc3 26. Bc2 cxb2+ 27. Kb1 g6 28. Rf6 Bb4 29. Bxe5 Qxe5 30. Qxe5 Rxe5 31. Rxe5 Bc3 32. Rb6 Bxe5 33. Rxb5 Re8 34. Rb3 Bd4 35. Rd3 Re1+ 36. Bd1 Bf6 37. d6 Re8 38. d7 Rd8 39. Ba4 Kg7 40. Rd5 1/2-1/2

[Event "HUN-chT2 Asztalos 1213"]
[Site "Hungary"]
[Date "2013.03.03"]
[Round "8.8"]
[White "Kiraly, Mate"]
[Black "Erdelyi, Sandor"]
[Result "1-0"]
[WhiteElo "1781"]
[BlackElo "1909"]
[PlyCount "71"]
[EventDate "2012.09.16"]
[EventType "team-tourn"]
[EventRounds "9"]
[EventCountry "HUN"]
[SourceTitle "EXT 2014"]
[Source "ChessBase"]
[SourceDate "2013.11.20"]
[SourceVersion "1"]
[SourceVersionDate "2013.11.20"]
[SourceQuality "1"]
[WhiteTeam "Marcali"]
[BlackTeam "Kaposvar Bastya"]
[WhiteTeamCountry "HUN"]
[BlackTeamCountry "HUN"]

1. e4 c5 2. b3 e6 3. Bb2 d5 4. exd5 Qxd5 5. Nc3 Qd8 6. Ne4 Nd7 7. Nf3 Ndf6 8. Ng3 a6 9. c4 Nd7 10. Be2 Ngf6 11. 0-0 Be7 12. Qc2 0-0 13. d4 cxd4 14. Bxd4 Bc5 15. Bc3 Qb6 16. Bd3 Be7 17. Ne4 Nxe4 18. Bxe4 g6 19. Qb2 Nc5 20. Bc2 f6 21. b4 Nd7 22. c5 Nxc5 23. bxc5 Qxb2 24. Bxb2 Bxc5 25. Bb3 Kg7 26. Rfe1 e5 27. a4 Bg4 28. Ba3 Bxa3 29. Rxa3 Bxf3 30. gxf3 b5 31. a5 Rfd8 32. Bc2 Kf8 33. Be4 Ra7 34. Rc1 Ke7 35. Rc6 Rd6 36. Rac3 1-0

[Event "HUN-chT2 Asztalos 1112"]
[Site "Hungary"]
[Date "2012.03.11"]
[Round "7.10"]
[White "Erdelyi, Sandor"]
[Black "Balazs, Andras1111"]
[Result "1-0"]
[WhiteElo "1925"]
[BlackElo "1988"]
[PlyCount "63"]
[EventDate "2011.09.25"]
[EventType "team-tourn"]
[EventRounds "11"]
[EventCountry "HUN"]
[SourceTitle "EXT 2013"]
[Source "ChessBase"]
[SourceDate "2012.11.22"]
[SourceVersion "1"]
[SourceVersionDate "2012.11.22"]
[SourceQuality "1"]
[WhiteTeam "Kaposvar Bastya"]
[BlackTeam "Mohacs"]
[WhiteTeamCountry "HUN"]
[BlackTeamCountry "HUN"]

1. d4 Nf6 2. Nf3 e6 3. Bg5 d5 4. e3 c5 5. c3 cxd4 6. exd4 Be7 7. Bd3 h6 8. Bf4 0-0 9. Nbd2 b6 10. Qe2 a5 11. Bxb8 Rxb8 12. Ne5 Bb7 13. 0-0 Ne8 14. Bb5 Nf6 15. f4 Bd6 16. g4 Bxe5 17. fxe5 Nh7 18. Nf3 Ng5 19. Nxg5 hxg5 20. Rf3 g6 21. Raf1 Kg7 22. Qf2 Qe7 23. Rf6 Rbc8 24. Qe3 Rc7 25. Qxg5 Rh8 26. Bd3 Rh6 27. h4 Qe8 28. h5 Qh8 29. Qf4 Qg8 30. hxg6 Rxg6 31. Bxg6 fxg6 32. Rf8 1-0

[Event "HUN-chT2 Asztalos 0809"]
[Site "Hungary"]
[Date "2009.01.25"]
[Round "6"]
[White "Erdelyi, Sandor"]
[Black "Forgacs, Istvan"]
[Result "1/2-1/2"]
[WhiteElo "1935"]
[BlackElo "1932"]
[PlyCount "47"]
[EventDate "2008.10.26"]
[EventType "team-tourn"]
[EventRounds "11"]
[EventCountry "HUN"]
[SourceTitle "EXT 2010"]
[Source "ChessBase"]
[SourceDate "2010.11.25"]
[SourceVersion "1"]
[SourceVersionDate "2010.11.25"]
[SourceQuality "1"]
[WhiteTeam "Szenna Pack II"]
[BlackTeam "Mohacs"]
[WhiteTeamCountry "HUN"]
[BlackTeamCountry "HUN"]

1. d4 Nf6 2. Nf3 g6 3. c4 Bg7 4. Nc3 d5 5. e3 0-0 6. h3 c5 7. cxd5 Nxd5 8. Bc4 Nxc3 9. bxc3 Qc7 10. Qe2 cxd4 11. Nxd4 Nd7 12. Bb2 e5 13. Nf3 Nb6 14. Bb3 Bd7 15. 0-0 Rac8 16. Ba3 Rfd8 17. Rab1 a6 18. Ng5 Be8 19. Rfd1 h6 20. Rxd8 Rxd8 21. Ne4 Nd5 22. c4 Nf6 23. Nxf6+ Bxf6 24. Rd1 1/2-1/2

[Event "HUN-chT2 Asztalos 0809"]
[Site "Hungary"]
[Date "2009.01.11"]
[Round "5"]
[White "Erdelyi, Sandor"]
[Black "Angyal, Ferenc"]
[Result "0-1"]
[WhiteElo "1935"]
[BlackElo "2036"]
[PlyCount "68"]
[EventDate "2008.10.26"]
[EventType "team-tourn"]
[EventRounds "11"]
[EventCountry "HUN"]
[SourceTitle "EXT 2010"]
[Source "ChessBase"]
[SourceDate "2010.11.25"]
[SourceVersion "1"]
[SourceVersionDate "2010.11.25"]
[SourceQuality "1"]
[WhiteTeam "Szenna Pack II"]
[BlackTeam "Dunaujvaros"]
[WhiteTeamCountry "HUN"]
[BlackTeamCountry "HUN"]

1. d4 Nf6 2. Nf3 g6 3. Bf4 Bg7 4. c3 d6 5. e3 0-0 6. h3 Nbd7 7. Bc4 c5 8. Nbd2 b6 9. 0-0 Bb7 10. Rc1 a6 11. a4 d5 12. Bb3 c4 13. Bc2 b5 14. axb5 axb5 15. Ra1 Qb6 16. b4 Ne4 17. Nxe4 dxe4 18. Nd2 f5 19. Qe2 e5 20. Bh2 exd4 21. exd4 Nf6 22. Rxa8 Rxa8 23. Nb1 Ra2 24. Be5 Nd5 25. Bxg7 Kxg7 26. Qd2 Qd6 27. Qc1 Qf4 28. Qd1 Qg5 29. g3 e3 30. Kh2 exf2 31. Rxf2 Ne3 32. Qe1 Rxc2 33. Rxc2 Nxc2 34. Qe5+ Kh6 0-1

[Event "HUN-chT2 Asztalos 0809"]
[Site "Hungary"]
[Date "2008.12.21"]
[Round "4"]
[White "Kalanyos, Ferenc"]
[Black "Erdelyi, Sandor"]
[Result "1/2-1/2"]
[WhiteElo "1997"]
[BlackElo "1935"]
[PlyCount "97"]
[EventDate "2008.10.26"]
[EventType "team-tourn"]
[EventRounds "11"]
[EventCountry "HUN"]
[SourceTitle "EXT 2010"]
[Source "ChessBase"]
[SourceDate "2010.11.25"]
[SourceVersion "1"]
[SourceVersionDate "2010.11.25"]
[SourceQuality "1"]
[WhiteTeam "Tamasi Szabadido"]
[BlackTeam "Szenna Pack II"]
[WhiteTeamCountry "HUN"]
[BlackTeamCountry "HUN"]

1. b4 d5 2. Bb2 e6 3. e3 Nf6 4. a3 c5 5. b5 Be7 6. Nf3 0-0 7. c4 b6 8. d4 Bb7 9. Nbd2 Nbd7 10. Bd3 dxc4 11. Nxc4 Be4 12. 0-0 Bxd3 13. Qxd3 cxd4 14. exd4 Nd5 15. Nfe5 Nxe5 16. Nxe5 Bd6 17. Rac1 Bxe5 18. dxe5 Qd7 19. Rfd1 Rac8 20. a4 Rxc1 21. Rxc1 Rc8 22. Qd2 Rxc1+ 23. Qxc1 Qc7 24. Qc6 Qxc6 25. bxc6 Kf8 26. Ba3+ Ke8 27. Kf1 Kd8 28. Bd6 Nc3 29. a5 bxa5 30. Ke1 Nb5 31. Kd2 Nd4 32. c7+ Kc8 33. Kc3 Nb5+ 34. Kb3 Nxc7 35. Ka4 Kb7 36. Kxa5 Kc6 37. Bf8 g6 38. f3 h5 39. Bh6 Kd5 40. Be3 Kxe5 41. Bxa7 Nd5 42. Kb5 g5 43. Kc4 g4 44. Bb8+ Kf5 45. fxg4+ Kxg4 46. Kd4 h4 47. Ke4 f5+ 48. Ke5 f4 49. Ke4 1/2-1/2

[Event "HUN-chT2 Asztalos 0708"]
[Site "Hungary"]
[Date "2008.05.18"]
[Round "11"]
[White "Erdelyi, Sandor"]
[Black "Kovacs, Imre"]
[Result "1/2-1/2"]
[WhiteElo "1936"]
[BlackElo "1955"]
[PlyCount "106"]
[EventDate "2007.10.14"]
[EventType "team"]
[EventRounds "11"]
[EventCountry "HUN"]
[SourceTitle "EXT 2009"]
[Source "ChessBase"]
[SourceDate "2008.11.26"]
[SourceVersion "1"]
[SourceVersionDate "2008.11.26"]
[SourceQuality "1"]
[WhiteTeam "Szenna Pack II"]
[BlackTeam "Elore MAV"]
[WhiteTeamCountry "HUN"]
[BlackTeamCountry "HUN"]

1. d4 Nf6 2. Nf3 g6 3. Bf4 Bg7 4. e3 0-0 5. Bc4 b6 6. 0-0 Ba6 7. Bxa6 Nxa6 8. c3 c6 9. Nbd2 d6 10. e4 Nc7 11. Rc1 Ne6 12. Be3 Ng4 13. Qe2 Nxe3 14. Qxe3 c5 15. d5 Nc7 16. b3 Qd7 17. c4 b5 18. Kh1 bxc4 19. bxc4 Qa4 20. Qb3 Qxb3 21. Nxb3 a5 22. Rb1 a4 23. Nbd2 Rfb8 24. Rxb8+ Rxb8 25. Rb1 Rb4 26. a3 Rxb1+ 27. Nxb1 Na8 28. Nfd2 Nb6 29. Kg1 g5 30. g4 h6 31. Kf1 Be5 32. h3 Kg7 33. Ke2 Kf6 34. Kd3 Bd4 35. Nf3 Bxf2 36. Nc3 Bg3 37. Ne2 Be5 38. Nc3 Bxc3 39. Kxc3 Nd7 40. Kc2 Ne5 41. Nd2 e6 42. Kc3 Ng6 43. Nf3 e5 44. Kd2 Nf4 45. h4 Ng6 46. hxg5+ hxg5 47. Kc3 Nf8 48. Nd2 Ke7 49. Nb1 Nd7 50. Kd3 Nb6 51. Nd2 Nd7 52. Ke3 Nb6 53. Kd3 Nd7 1/2-1/2

[Event "HUN-chT2 Asztalos 0708"]
[Site "Hungary"]
[Date "2008.03.16"]
[Round "8"]
[White "Erdelyi, Sandor"]
[Black "Lipcsei, Adam"]
[Result "1-0"]
[WhiteElo "1936"]
[BlackElo "1848"]
[PlyCount "131"]
[EventDate "2007.10.14"]
[EventType "team"]
[EventRounds "11"]
[EventCountry "HUN"]
[SourceTitle "EXT 2009"]
[Source "ChessBase"]
[SourceDate "2008.11.26"]
[SourceVersion "1"]
[SourceVersionDate "2008.11.26"]
[SourceQuality "1"]
[WhiteTeam "Szenna Pack II"]
[BlackTeam "Nagyatad"]
[WhiteTeamCountry "HUN"]
[BlackTeamCountry "HUN"]

1. d4 Nf6 2. Nf3 g6 3. Bf4 Bg7 4. e3 d6 5. Nbd2 0-0 6. Bc4 Nbd7 7. 0-0 c6 8. c3 b5 9. Bb3 a5 10. a4 Qb6 11. Rb1 Ba6 12. Re1 c5 13. axb5 Bxb5 14. Nc4 Qa6 15. Na3 Bd3 16. Bc2 Bxc2 17. Qxc2 Nh5 18. Bg5 Rfe8 19. Qa4 Qb7 20. Qb5 Qxb5 21. Nxb5 h6 22. Bh4 g5 23. Bg3 Reb8 24. Na3 Nxg3 25. hxg3 Rb7 26. Nd2 Rab8 27. Ndc4 a4 28. d5 Rb3 29. Rbc1 Nf6 30. e4 Ng4 31. f3 Nf6 32. Red1 Nd7 33. f4 h5 34. Rc2 h4 35. Kf2 hxg3+ 36. Kxg3 gxf4+ 37. Kxf4 Be5+ 38. Ke3 Kg7 39. Nb1 Nb6 40. Nxb6 R8xb6 41. Rdd2 R6b4 42. Re2 f5 43. exf5 Kf6 44. Kf2 Rg4 45. Nd2 Rb8 46. Re4 Rbg8 47. Rxg4 Rxg4 48. Nf1 Rf4+ 49. Ke2 Kxf5 50. Ne3+ Ke4 51. c4 Bd4 52. Nd1 Rg4 53. Nf2+ Bxf2 54. Kxf2 a3 55. Re2+ Kd4 56. bxa3 Kxc4 57. Rxe7 Kxd5 58. Kf3 Ra4 59. Re3 c4 60. g4 Kd4 61. g5 c3 62. Re4+ Kd3 63. Rxa4 c2 64. Ra6 d5 65. Rc6 Kd2 66. g6 1-0

[Event "HUN-chT2 Asztalos 0708"]
[Site "Hungary"]
[Date "2007.12.09"]
[Round "4"]
[White "Erdelyi, Sandor"]
[Black "Horvath, Imre"]
[Result "1/2-1/2"]
[WhiteElo "1936"]
[BlackElo "2315"]
[PlyCount "67"]
[EventDate "2007.10.14"]
[EventType "team"]
[EventRounds "11"]
[EventCountry "HUN"]
[SourceTitle "EXT 2009"]
[Source "ChessBase"]
[SourceDate "2008.11.26"]
[SourceVersion "1"]
[SourceVersionDate "2008.11.26"]
[SourceQuality "1"]
[WhiteTeam "Szenna Pack II"]
[BlackTeam "Balatonbereny"]
[WhiteTeamCountry "HUN"]
[BlackTeamCountry "HUN"]

1. d4 d5 2. Nf3 e6 3. Bf4 Nf6 4. e3 h6 5. Bd3 Nh5 6. Be5 Nd7 7. g4 Nhf6 8. h3 c6 9. c3 Be7 10. Nbd2 Nxe5 11. Nxe5 Nd7 12. Ndf3 Bd6 13. Qe2 Qf6 14. Nxd7 Bxd7 15. 0-0-0 0-0-0 16. Kb1 Kb8 17. e4 dxe4 18. Bxe4 Rhe8 19. Qc2 e5 20. dxe5 Bxe5 21. Nxe5 Rxe5 22. Rd4 Kc7 23. Rhd1 Ree8 24. f3 Be6 25. a3 Rxd4 26. Rxd4 Rd8 27. Qh2+ Kc8 28. Rxd8+ Qxd8 29. Kc2 Qb6 30. Bf5 Qb3+ 31. Kc1 Bxf5 32. gxf5 Qd5 33. Qf4 f6 34. Qg4 1/2-1/2

[Event "HUN-chT2 Asztalos 0607"]
[Site "Hungary"]
[Date "2007.04.29"]
[Round "9"]
[White "Szijarto, Attila"]
[Black "Erdelyi, Sandor"]
[Result "1/2-1/2"]
[WhiteElo "1948"]
[BlackElo "1931"]
[PlyCount "115"]
[EventDate "2006.11.12"]
[EventType "team"]
[EventRounds "11"]
[EventCountry "HUN"]
[SourceTitle "EXT 2008"]
[Source "ChessBase"]
[SourceDate "2007.11.25"]
[SourceVersion "1"]
[SourceVersionDate "2007.11.25"]
[SourceQuality "1"]
[WhiteTeam "Nagyatad"]
[BlackTeam "Szenna Pack II"]
[WhiteTeamCountry "HUN"]
[BlackTeamCountry "HUN"]

1. e4 c5 2. Nf3 d6 3. d4 cxd4 4. c3 dxc3 5. Nxc3 Nf6 6. Bc4 e6 7. 0-0 Be7 8. Qe2 a6 9. a4 Nc6 10. Rd1 Qa5 11. h3 Bd7 12. Bf4 Ne5 13. Ba2 0-0 14. Nd4 Rfd8 15. Be3 Nc6 16. Nb3 Qh5 17. Qd2 Ne5 18. Nd4 Nc6 19. Nde2 Nb4 20. Nf4 Qa5 21. Bb3 Nc6 22. Qe2 Ne5 23. f3 Bc6 24. Qf2 Ned7 25. Rd2 b5 26. Rdd1 Qb4 27. Ra3 bxa4 28. Bxa4 Rdc8 29. Nd3 Qb7 30. Rb3 Qc7 31. Bxc6 Qxc6 32. Rc1 Nc5 33. Nxc5 dxc5 34. Nd1 Nd7 35. Rbc3 Qb5 36. Rc4 Ne5 37. R4c3 Nd3 38. Qg3 Nxc1 39. Bxc1 Qe2 40. Ne3 Rd8 41. h4 c4 42. Nxc4 Rd1+ 43. Kh2 Qe1 44. Qxe1 Rxe1 45. Kg3 Rd1 46. Kg4 Rc8 47. Be3 h6 48. Rc2 Rh1 49. g3 Kh7 50. f4 g6 51. b3 Rb1 52. Rc3 Rb8 53. Nd2 Rd1 54. Rc7 Re8 55. Ra7 Ra1 56. Nc4 Kg8 57. Ne5 Ra3 58. Rxe7 1/2-1/2

[Event "HUN-chT2 Asztalos 0506"]
[Site "Hungary"]
[Date "2006.02.26"]
[Round "8"]
[White "Kohalmi, Endre"]
[Black "Erdelyi, Sandor"]
[Result "1/2-1/2"]
[WhiteElo "2013"]
[BlackElo "1917"]
[PlyCount "30"]
[EventDate "2005.10.16"]
[EventType "team"]
[EventRounds "11"]
[EventCountry "HUN"]
[SourceTitle "EXT 2009"]
[Source "ChessBase"]
[SourceDate "2008.11.26"]
[SourceVersion "1"]
[SourceVersionDate "2008.11.26"]
[SourceQuality "1"]
[WhiteTeam "Komlo Banyasz"]
[BlackTeam "Szenna Pack II"]
[WhiteTeamCountry "HUN"]
[BlackTeamCountry "HUN"]

1. d4 d5 2. c4 c6 3. cxd5 cxd5 4. Nc3 e6 5. Nf3 Nc6 6. a3 Nf6 7. Bg5 Be7 8. e3 a6 9. Bd3 0-0 10. 0-0 Nd7 11. Bxe7 Qxe7 12. Rc1 f5 13. b4 Nd8 14. Qb3 Nf7 15. h4 Nf6 1/2-1/2

[Event "HUN-chT2 Asztalos 0304"]
[Site "Hungary"]
[Date "2003.11.16"]
[Round "3"]
[White "Kiss, Lajos"]
[Black "Erdelyi, Sandor"]
[Result "1/2-1/2"]
[WhiteElo "1897"]
[BlackElo "1925"]
[PlyCount "164"]
[EventDate "2003.08.29"]
[EventType "team"]
[EventRounds "11"]
[EventCountry "HUN"]
[SourceTitle "EXT 2009"]
[Source "ChessBase"]
[SourceDate "2008.11.26"]
[SourceVersion "1"]
[SourceVersionDate "2008.11.26"]
[SourceQuality "1"]
[WhiteTeam "Koppany"]
[BlackTeam "Sefag"]
[WhiteTeamCountry "HUN"]
[BlackTeamCountry "HUN"]

1. d4 d5 2. Nc3 Nf6 3. Bg5 Bf5 4. Bxf6 exf6 5. e3 c6 6. Bd3 Qd7 7. Nge2 Bd6 8. Ng3 Bg6 9. Qe2 0-0 10. 0-0-0 b5 11. f4 Bxd3 12. Qxd3 a5 13. Nf5 Na6 14. g4 g6 15. Nxd6 Qxd6 16. f5 Rfe8 17. Rdg1 b4 18. Ne2 c5 19. Rg3 c4 20. Qd1 a4 21. Kb1 c3 22. b3 axb3 23. cxb3 Nc7 24. Qd3 Qa6 25. Qxa6 Rxa6 26. Nc1 Rea8 27. h4 Nb5 28. Rh2 Nd6 29. Rf3 Ne4 30. Ka1 Ra3 31. fxg6 fxg6 32. h5 g5 33. Rf5 R3a5 34. Nd3 Rb5 35. Rg2 Nd2 36. Nc1 Ne4 37. Nd3 Kg7 38. Rh2 Nd2 39. h6+ Kg6 40. Nc1 Rba5 41. Rhf2 R8a6 42. Rh2 Re6 43. Rhf2 Ne4 44. Rh2 Nd6 45. Rhf2 Ne8 46. R5f3 Re4 47. Rg3 Kxh6 48. Nd3 Rb5 49. Nc5 Re7 50. Rf5 Kg6 51. Rxd5 h5 52. gxh5+ Kxh5 53. Rf5 Kh4 54. Rg1 Rxe3 55. Rf2 Rg3 56. Re1 Rb6 57. Kb1 Ng7 58. Ne4 f5 59. Nxg3 Kxg3 60. Rfe2 g4 61. Re7 Nh5 62. R7e5 Kf2 63. R1e2+ Kf3 64. R2e3+ Kf4 65. Re1 Ng3 66. d5 Rd6 67. Re6 Rxd5 68. Rb6 Rd4 69. Rc6 Kf3 70. Rc4 Kf2 71. Rxd4 Kxe1 72. Kc2 Ne2 73. Rxb4 g3 74. Rb6 f4 75. a4 f3 76. Rd6 g2 77. a5 Kf2 78. Rd1 g1Q 79. Rxg1 Kxg1 80. a6 Nd4+ 81. Kxc3 Nb5+ 82. Kc4 Nc7 1/2-1/2

[Event "HUN-chT2 Asztalos 0304"]
[Site "Hungary"]
[Date "2003.09.28"]
[Round "1"]
[White "Erdelyi, Sandor"]
[Black "Bocska, Janos"]
[Result "1/2-1/2"]
[WhiteElo "1925"]
[BlackElo "2116"]
[PlyCount "118"]
[EventDate "2003.08.29"]
[EventType "team"]
[EventRounds "11"]
[EventCountry "HUN"]
[SourceTitle "EXT 2009"]
[Source "ChessBase"]
[SourceDate "2008.11.26"]
[SourceVersion "1"]
[SourceVersionDate "2008.11.26"]
[SourceQuality "1"]
[WhiteTeam "Sefag"]
[BlackTeam "Nagyatad"]
[WhiteTeamCountry "HUN"]
[BlackTeamCountry "HUN"]

1. d4 Nf6 2. Nf3 d5 3. Bg5 h6 4. Bf4 Bf5 5. Nbd2 e6 6. e3 c5 7. Bxb8 Qxb8 8. Bb5+ Kd8 9. Ne5 Qc7 10. Bd3 Bxd3 11. Nxd3 cxd4 12. exd4 Bd6 13. h3 Ke7 14. 0-0 Rhc8 15. c3 b5 16. Qe2 a5 17. Rac1 Ra6 18. f4 Kf8 19. g4 Qb7 20. Ne5 Nd7 21. Rf3 Bb8 22. Rcf1 f6 23. Qd3 Kg8 24. Ng6 Nf8 25. Nxf8 Rxf8 26. Re1 b4 27. c4 dxc4 28. Nxc4 Rd8 29. Rfe3 Qd5 30. Ne5 Rb6 31. Nc4 Rc6 32. b3 Bxf4 33. Re4 Bc7 34. Qe2 Re8 35. Kf2 Bb8 36. Qe3 Ba7 37. Kg3 e5 38. Qd3 Rd8 39. Ne3 Qd7 40. Qb5 Rb8 41. Qd5+ Qxd5 42. Nxd5 Rc2 43. Ne3 Rxa2 44. dxe5 fxe5 45. Rxe5 Rd8 46. Re7 Bb8+ 47. Kh4 Bf4 48. Nf5 Bg5+ 49. Kh5 Bxe7 50. Rxe7 Rf2 51. Rxg7+ Kh8 52. Ra7 Rf3 53. h4 Rxb3 54. Nxh6 Rbd3 55. Nf7+ Kg8 56. Nxd8 Rxd8 57. Rxa5 Rb8 58. Ra2 b3 59. Rb2 Kg7 1/2-1/2